000
00264nam a2200109Ia 4500
008
201216s9999 xx 000 0 und d
100
_a
Loomis, Mary E. S.
245
0
_a
Data Communications
260
_a
Englewood Cliffs
_b
prentice Hall
300
_a
212
942
_c
BK
999
_c
6151
_d
6151